000
00325nam a22001337a 4500
005
20160204115706.0
008
160204b xxu||||| |||| 00| 0 eng d
040
_c
PK-LaUMT
082
_a
AMC 959.7
_b
OUR-
245
_a
Our president Ho chi minh
260
_a
Hanoi
_b
Foreign languages
_c
1970
300
_a
207 p.
942
_c
BK
999
_c
82630
_d
82630